|
|
|
|
| LEADER |
00000nab a2200000uu 4500 |
| 001 |
vtls011450017 |
| 003 |
SK-MaSNL |
| 005 |
20260303151408.0 |
| 008 |
230222|2011 xo |||||||||||||||||eng| |
| 015 |
|
|
|a SNBRB
|
| 035 |
|
|
|a (urnnbn)urn:nbn:sk:snk:ar-006f3z
|
| 035 |
|
|
|a (uuid)67895de5-b37b-4f38-ae20-3fe7f0c14d83
|
| 035 |
|
|
|a urn:nbn:sk:snk-abcmaw
|
| 040 |
|
|
|a SNKBUCL
|b slo
|c SNKBUCL
|e AACR2
|
| 041 |
0 |
|
|a eng
|
| 044 |
|
|
|a xo
|c SK
|
| 100 |
1 |
|
|a Banerjee, Abhijit
|4 aut
|9 1170919
|
| 245 |
1 |
0 |
|a A UNIQUENESS RESULT RELATED TO CERTAIN NON-LINEAR DIFFERENTIAL POLYNOMIALS SHARING THE SAME 1-POINTS
|c Abhijit Banerjee, Pranab Bhattacharjee
|
| 700 |
1 |
|
|a Bhattacharjee, Pranab
|4 aut
|9 1170920
|
| 773 |
0 |
|
|t Mathematica Slovaca
|g Roč. 61, č. 2 (2011), s. [181]-196
|
| 958 |
|
|
|a OND
|
| 958 |
|
|
|a EUIPO
|
| 958 |
|
|
|a article16
|
| 999 |
|
|
|c 2017528
|d 2019458
|